00326nam a2200121Ia 4500008004100000020001500041100001900056245003400075260004200109300001000151650002400161700001900185201231s9999 xx 000 0 und d a0810464764 aJenkins, David 0aDbase III : tips and tricks / aNew JerseybHayden Book Companyc1986 a160p. 0aDatabase Management aJenkins, David